000 00445nam a22001697a 4500
003 NUST - PNEC
005 20170116180847.0
008 150824b xxu||||| |||| 00| 0 eng d
020 _a0471412953
040 _cLIBRARY
082 _a571.4 TUS
100 _95498
_a Tuszynski, J. A
245 _aBiomedical applications of introductory physics
_c J. A, Tuszynski
260 _cc 2002
650 _95499
_aMedical physics
_x-
942 _2ddc
_cBK
999 _c64489
_d64489